Animal Science (Record no. 16422)

MARC details
000 -LEADER
fixed length control field 00439nam a22001697a 4500
003 - CONTROL NUMBER IDENTIFIER
control field OSt
005 - DATE AND TIME OF LATEST TRANSACTION
control field 20211103102959.0
008 - FIXED-LENGTH DATA ELEMENTS--GENERAL INFORMATION
fixed length control field 211103b |||||||| |||| 00| 0 eng d
020 ## - INTERNATIONAL STANDARD BOOK NUMBER
International Standard Book Number 0-8134-2887-4
040 ## - CATALOGING SOURCE
Transcribing agency Hawasssa University
050 ## - LIBRARY OF CONGRESS CALL NUMBER
Classification number 636.08/ENS
Item number 1
082 ## - DEWEY DECIMAL CLASSIFICATION NUMBER
Edition number 9
Classification number 636.08/ENS
Item number 1
100 ## - MAIN ENTRY--PERSONAL NAME
Personal name Ensminger,M.E.
9 (RLIN) 16695
245 ## - TITLE STATEMENT
Title Animal Science
260 ## - PUBLICATION, DISTRIBUTION, ETC.
Place of publication, distribution, etc. America
Name of publisher, distributor, etc. Interstate Publishing,Inc.
Date of publication, distribution, etc. 1991
942 ## - ADDED ENTRY ELEMENTS (KOHA)
Source of classification or shelving scheme Dewey Decimal Classification
Koha item type Books like text book referance book
Suppress in OPAC No
Holdings
Withdrawn status Lost status Source of classification or shelving scheme Damaged status Not for loan Home library Current library Date acquired Total Checkouts Full call number Barcode Date last seen Copy number Price effective from Koha item type
    Dewey Decimal Classification     College of Agriculture Library College of Agriculture Library 11/03/2021   636.08/ENS ALIB0009956 11/03/2021 1 11/03/2021 Books like text book referance book